| 000 | 00557nam a22001817a 4500 | ||
|---|---|---|---|
| 003 | CEME | ||
| 005 | 20210628204022.0 | ||
| 008 | 210105b xxu||||| |||| 00| 0 eng d | ||
| 020 | _a9781613240007 | ||
| 040 | _cceme | ||
| 082 | _a629.836 GEN | ||
| 100 |
_aRafiq Islam _968281 |
||
| 245 | _aGenetic algorithms, fuzzy systems and website classification | ||
| 260 |
_aNEW YORK _bNOVA SCIENCE PUBLISHER _c2012 |
||
| 300 | _aXII, 226P | ||
| 650 |
_aADAPTIVE CONTROL SYSTEMS.GENETIC ALGORITHMS.FUZZY SYSTEMS. WEBSITE CLASSIFICATION _968282 |
||
| 942 |
_cBK _2ddc |
||
| 999 |
_c575887 _d575887 |
||